All TF2 Medic Weapons - Statistics

General Stats
  • This quiz has been taken 12 times
  • The average score is 12 of 13
Answer Stats
Weapon Slot Weapon % Correct
Primary Blutsauger
100%
Melee Bonesaw
100%
Primary Crusader's Crossbow
100%
Secondary Kritzkrieg
100%
Secondary Medi Gun
100%
Secondary Quick-Fix
100%
Primary Syringe Gun
100%
Melee Übersaw
100%
Secondary Vaccinator
100%
Melee Solemn Vow
90%
Melee Amputator
80%
Primary Overdose
80%
Melee Vita-Saw
80%
No matching quizzes found
Score Distribution
Percent of People with Each Score
Percentile by Number Answered
Your Score History
You have not taken this quiz